[Event "Walsrode Chessemy op-A"]
[Site "Walsrode"]
[Date "2023.03.08"]
[Round "5"]
[White "Oest, Thorsten"]
[Black "Yaroshenko, Yaroslav"]
[Result "0-1"]
[WhiteElo "2067"]
[BlackElo "1801"]
[PlyCount "80"]
[EventDate "2023.03.04"]
[EventType "swiss"]
[EventRounds "9"]
[EventCountry "GER"]
[SourceTitle "CBM 213 Extra"]
[Source "ChessBase"]
[SourceDate "2023.05.31"]
[SourceVersion "1"]
[SourceVersionDate "2023.05.31"]
[SourceQuality "1"]

1. e4 g6 2. d4 Bg7 3. Nc3 d6 4. Be3 c6 5. Qd2 Nf6 6. 0-0-0 b5 7. f3 0-0 8. h4 h5 9. Nge2 Qa5 10. a3 Na6 11. Nf4 b4 12. Na2 c5 13. dxc5 dxc5 14. Bc4 Kh7 15. g4 Bxg4 16. Qe2 bxa3 17. Bd2 Qb6 18. b3 Nb4 19. Bxb4 cxb4 20. fxg4 Nxg4 21. Nd5 Qc5 22. Ndxb4 Qe3+ 23. Qxe3 Nxe3 24. Rd3 Bb2+ 25. Kb1 Nxc4 26. bxc4 a5 27. Nd5 Rab8 28. Rb3 Rxb3 29. cxb3 e6 30. Ndc3 f5 31. Rf1 f4 32. Rf3 Kh6 33. Nc1 g5 34. hxg5+ Kxg5 35. N3e2 Kg4 36. Ng1 h4 37. Nce2 e5 38. Nc3 Bxc3 39. Rxc3 f3 40. Rc1 f2 0-1

[Event "Regionalliga Sued-Ost 1718"]
[Site "Bayern"]
[Date "2017.11.26"]
[Round "3.8"]
[White "Yaroshenko, Yaroslav"]
[Black "Huber, Josef1111"]
[Result "0-1"]
[WhiteElo "1721"]
[BlackElo "1905"]
[PlyCount "74"]
[EventDate "2017.10.22"]
[EventType "team-tourn"]
[EventRounds "9"]
[EventCountry "GER"]
[SourceTitle "EXT 2022"]
[Source "ChessBase"]
[SourceDate "2021.10.06"]
[SourceVersion "1"]
[SourceVersionDate "2021.10.06"]
[SourceQuality "1"]
[WhiteTeam "Graefelfing SK"]
[BlackTeam "Bruckmuehl SK"]
[WhiteTeamCountry "GER"]
[BlackTeamCountry "GER"]

1. e4 e6 2. d4 d5 3. Nc3 Bb4 4. Nge2 Nf6 5. Bg5 dxe4 6. a3 Be7 7. Bxf6 Bxf6 8. Nxe4 0-0 9. g3 Bd7 10. Bg2 Bc6 11. 0-0 Bxe4 12. Bxe4 c6 13. c3 Nd7 14. Qc2 g6 15. Rad1 Qc7 16. h4 Bg7 17. Kg2 Nf6 18. Bf3 Rad8 19. Rfe1 c5 20. dxc5 Qxc5 21. Bxb7 Ng4 22. Nf4 Bd4 23. Nd3 Qc7 24. Bf3 h5 25. Bxg4 hxg4 26. Qe2 Qc6+ 27. Kg1 Bf6 28. Qxg4 Kg7 29. Nf4 Qb5 30. Rxd8 Rxd8 31. a4 Qc5 32. Rxe6 Rd2 33. Re2 Rd1+ 34. Kg2 Qc6+ 35. Qf3 Rg1+ 36. Kxg1 Qxf3 37. Kh2 Bxh4 0-1